Shipment of seamen.

Bibliographic Details
Corporate Author: United States. Department of the Treasury. Bureau of Navigation
Format: Government Document eBook
Language:English
Published: [Washington] : [publisher not identified], 1895.
Subjects:
Online Access:Connect to the full text of this electronic document

MARC

Tag First Indicator Second Indicator Subfields
LEADER 00000cam a22000001a 4500
001 in00003650607
005 20190408151843.0
006 m o d f
007 cr bn mmmapmmp
008 141118s1895 dcu o f000 0 eng d
035 |a ebd1909106083 
040 |a UMI  |c UMI  |d UtOrBLW 
086 0 |a T 1.4:895/34 
099 |a T104-22.34 
110 1 |a United States.  |b Department of the Treasury.  |b Bureau of Navigation. 
245 1 0 |a Shipment of seamen. 
264 1 |a [Washington] :  |b [publisher not identified],  |c 1895. 
300 |a 1 online resource (1 pages) 
336 |a text  |b txt  |2 rdacontent 
337 |a computer  |b c  |2 rdamedia 
338 |a online resource  |b cr  |2 rdacarrier 
533 |a Electronic reproduction.  |b [Bethesda, Md.] :  |c ProQuest,  |d 2014.  |e digital, PDF file.  |n ProQuest U.S. Executive Branch Documents  |n Mode of access: World Wide Web via ProQuest website. 
588 |a Record is based on online resource; title from PDF title page (ProQuest, last viewed Nov. 2014). Reuse except for individual research requires license from ProQuest, LLC. 
500 |a Electronic resource. 
650 0 |a Marine service.  |0 http://id.loc.gov/authorities/subjects/sh85081272 
650 0 |a Merchant mariners.  |0 http://id.loc.gov/authorities/subjects/sh85083770 
655 7 |a Electronic books.  |2 local 
856 4 0 |u http://proxy.library.tamu.edu/login?url=http://congressional.proquest.com/congressional/docview/t66.d71.t104-22.34  |z Connect to the full text of this electronic document  |t 0 
999 f f |s 8b41011e-fb9b-3b4c-a966-b9317c6da434  |i ac7ff199-ee30-38ee-b847-b2569d1d0742  |t 0 
952 f f |a Texas A&M University  |b College Station  |c Electronic Resources  |d Available Online  |t 0  |h No information provided 
998 f f |t 0  |l Available Online